France vs Spain - Statistics

General Stats
  • This quiz has been taken 59 times
  • The average score is 5 of 25
Answers on the Grid
Answers color-coded by a green-red scale on the quiz's grid according to % correct below.
France
France
France
France
Spain
Spain
Spain
Spain
Spain
Spain
France
France
France
France
France
France
Spain
Spain
Spain
Spain
Spain
Spain
Spain
Spain
France
France
France
France
France
France
 
Answer Stats
Answer % Correct
France
63%
France
50%
France
43%
Spain
30%
Spain
23%
Spain
23%
Spain
20%
Spain
20%
France
17%
France
17%
Spain
17%
Spain
17%
France
13%
France
13%
France
13%
Spain
13%
Spain
13%
Spain
13%
France
10%
Spain
10%
Spain
10%
France
7%
Spain
7%
France
3%
France
3%
No matching quizzes found
Score Distribution
Percent of People with Each Score
Percentile by Number Answered
Your Score History
You have not taken this quiz